[Event "Tres Cantos op 11th"]
[Site "Tres Cantos"]
[Date "2019.06.30"]
[Round "9"]
[White "Tarrio Ocana, Jose Manuel"]
[Black "Salvador Cabo, Cesar"]
[Result "1/2-1/2"]
[WhiteElo "1829"]
[BlackElo "1984"]
[PlyCount "87"]
[EventDate "2019.06.22"]
[EventType "swiss"]
[EventRounds "9"]
[EventCountry "ESP"]
[SourceTitle "CBM 195 Extra"]
[Source "ChessBase"]
[SourceDate "2020.05.31"]
[SourceVersion "1"]
[SourceVersionDate "2020.05.31"]
[SourceQuality "1"]

1. e4 c6 2. d4 d5 3. exd5 cxd5 4. Bf4 Nc6 5. Nc3 Bf5 6. Bd3 Bxd3 7. Qxd3 e6 8. Nf3 Bd6 9. Bxd6 Qxd6 10. 0-0 Nge7 11. Rfe1 0-0 12. Ng5 Ng6 13. Qh3 h6 14. Nf3 Qb4 15. Ne2 Qxb2 16. Rab1 Qxa2 17. Qg4 Qxc2 18. Ng3 Rfc8 19. h4 a5 20. Rbc1 Qd3 21. Rcd1 Qa3 22. h5 Nge7 23. Re3 Qd6 24. Rde1 a4 25. Nh4 a3 26. Rxe6 fxe6 27. Rxe6 Qxe6 28. Qxe6+ Kh8 29. Ngf5 Nxf5 30. Ng6+ Kh7 31. Qxf5 Nxd4 32. Qd3 Ra6 33. Ne7+ Kh8 34. Qxd4 a2 35. Ng6+ Rxg6 36. hxg6 Ra8 37. Qa1 b5 38. g4 b4 39. g5 hxg5 40. Kg2 Kg8 41. Qe5 a1Q 42. Qe6+ Kh8 43. Qh3+ Kg8 44. Qe6+ 1/2-1/2

[Event "Tres Cantos op 11th"]
[Site "Tres Cantos"]
[Date "2019.06.24"]
[Round "3"]
[White "Tarrio Ocana, Jose Manuel"]
[Black "Pindado del Carmen, Eliseo"]
[Result "1-0"]
[WhiteElo "1829"]
[BlackElo "1526"]
[PlyCount "61"]
[EventDate "2019.06.22"]
[EventType "swiss"]
[EventRounds "9"]
[EventCountry "ESP"]
[SourceTitle "CBM 195 Extra"]
[Source "ChessBase"]
[SourceDate "2020.05.31"]
[SourceVersion "1"]
[SourceVersionDate "2020.05.31"]
[SourceQuality "1"]

1. e4 c5 2. Nc3 e6 3. f4 d5 4. Bb5+ Nc6 5. Bxc6+ bxc6 6. d3 d4 7. Na4 Nf6 8. Nf3 Be7 9. 0-0 0-0 10. b3 Qc7 11. h3 Nd7 12. Qe1 Nb6 13. Nb2 Nd7 14. Bd2 Bd8 15. a4 Ba6 16. g4 f5 17. exf5 exf5 18. g5 Nb6 19. Qe6+ Kh8 20. Rae1 Qd7 21. Qxd7 Nxd7 22. Ne5 Nxe5 23. Rxe5 Bb7 24. Rfe1 g6 25. Nc4 Ba6 26. Rxc5 Bb7 27. Rce5 Kg8 28. Bb4 Bc7 29. Re7 Rfc8 30. Bd6 Bxd6 31. Nxd6 1-0

[Event "Tres Cantos op 10th"]
[Site "Tres Cantos"]
[Date "2018.06.27"]
[Round "7.26"]
[White "Aziz Ortego, Omar Luis"]
[Black "Tarrio Ocana, Jose Manuel"]
[Result "0-1"]
[WhiteElo "2059"]
[BlackElo "1828"]
[PlyCount "126"]
[EventDate "2018.06.21"]
[EventType "swiss"]
[EventRounds "9"]
[EventCountry "ESP"]
[SourceTitle "EXT 2024"]
[Source "ChessBase"]
[SourceDate "2023.10.10"]
[SourceVersion "1"]
[SourceVersionDate "2023.10.10"]
[SourceQuality "1"]

1. c4 e6 2. d4 d5 3. Nc3 Nf6 4. e3 c6 5. f4 Nbd7 6. Nf3 Be7 7. b3 b6 8. Bd3 Bb7 9. 0-0 0-0 10. Qc2 c5 11. Bb2 Rc8 12. Rad1 h6 13. Rfe1 dxc4 14. bxc4 Bxf3 15. gxf3 cxd4 16. exd4 Bd6 17. Bc1 Nh5 18. Ne2 Qh4 19. Be3 Bxf4 20. Nxf4 Nxf4 21. Bf1 Nh3+ 22. Kh1 Nf4 23. Bf2 Qh5 24. Qe4 Ng6 25. Bg3 Nf6 26. Qe3 Nh4 27. Be2 Nf5 28. Qf2 Nxg3+ 29. Qxg3 Kh8 30. Rg1 Rg8 31. Qf4 Qa5 32. Rg2 Rcd8 33. Rdg1 Qf5 34. Qe3 Nh5 35. Rg4 Nf6 36. Rh4 Nh7 37. Bd3 Qf6 38. Qe4 g6 39. Rf4 Qg7 40. Qe3 Ng5 41. Rh4 Nh7 42. Bb1 h5 43. Rg3 Nf6 44. Rgh3 e5 45. Qxe5 Rge8 46. Qg3 Re3 47. Be4 Nxe4 48. Rxe4 Rxe4 49. fxe4 Qxd4 50. Qc3 Qxc3 51. Rxc3 Rd4 52. Kg2 Rxe4 53. Kf3 Re5 54. Rc2 Ra5 55. Ke3 Kg7 56. Kd4 f5 57. Re2 Kf6 58. Re8 Rc5 59. Re2 f4 60. h4 Kf5 61. Rg2 f3 62. Rf2 Kf4 63. Rc2 Kg3 0-1

[Event "Madrid-ch Previa-B"]
[Site "Madrid"]
[Date "2018.02.10"]
[Round "5"]
[White "Garcia Prados, David"]
[Black "Tarrio Ocana, Jose Manuel"]
[Result "1-0"]
[WhiteElo "1919"]
[BlackElo "1869"]
[PlyCount "71"]
[EventDate "2018.02.01"]
[EventType "swiss"]
[EventRounds "9"]
[EventCountry "ESP"]
[SourceTitle "EXT 2020"]
[Source "ChessBase"]
[SourceDate "2019.10.17"]
[SourceVersion "1"]
[SourceVersionDate "2019.10.17"]
[SourceQuality "1"]

1. e4 e6 2. d4 d5 3. e5 c5 4. c3 Nc6 5. Nf3 Qb6 6. a3 cxd4 7. cxd4 Nge7 8. Bd3 Bd7 9. Bc2 Nf5 10. Bxf5 exf5 11. 0-0 Be7 12. Nc3 Be6 13. b4 Rc8 14. Na4 Qd8 15. Nc5 b6 16. Nb7 Qd7 17. Nd6+ Bxd6 18. exd6 Qxd6 19. g3 0-0 20. Bf4 Qd7 21. Re1 f6 22. h4 Bf7 23. Qd3 Rfe8 24. Kg2 Rxe1 25. Rxe1 Re8 26. Rc1 Ne7 27. Rc7 Qa4 28. Qc3 Qa6 29. Bd6 Ng6 30. Qc6 Qe2 31. Qb7 Nh8 32. Qxa7 Re3 33. Ne5 Rxg3+ 34. Kxg3 f4+ 35. Kg2 Qe4+ 36. Kh2 1-0

[Event "Madrid-ch Previa-B"]
[Site "Madrid"]
[Date "2018.02.01"]
[Round "1"]
[White "Tarrio Ocana, Jose Manuel"]
[Black "Olmos Rodriguez, Arcadio"]
[Result "1-0"]
[WhiteElo "1869"]
[BlackElo "1391"]
[PlyCount "51"]
[EventDate "2018.02.01"]
[EventType "swiss"]
[EventRounds "9"]
[EventCountry "ESP"]
[SourceTitle "EXT 2020"]
[Source "ChessBase"]
[SourceDate "2019.10.17"]
[SourceVersion "1"]
[SourceVersionDate "2019.10.17"]
[SourceQuality "1"]

1. e4 c6 2. d4 d5 3. exd5 cxd5 4. Bf4 Nf6 5. Nc3 Nc6 6. Nb5 e5 7. dxe5 Nh5 8. Qxh5 g6 9. Qd1 Be6 10. Nf3 Bg7 11. Be2 0-0 12. 0-0 a6 13. Nbd4 Nxd4 14. Qxd4 Re8 15. Rfd1 Rc8 16. c3 Qc7 17. Qd2 Rcd8 18. Nd4 Bxe5 19. Bxe5 Qxe5 20. Nxe6 Rxe6 21. Bf1 Qf6 22. Qd4 Qxd4 23. Rxd4 Re4 24. Rad1 f5 25. Rxe4 fxe4 26. Rxd5 1-0

[Event "San Sebastian de los Reyes op 19th"]
[Site "San Sebastian"]
[Date "2017.12.05"]
[Round "4"]
[White "Tarrio Ocana, Jose Manuel"]
[Black "Suarez Uriel, Adrian"]
[Result "0-1"]
[WhiteElo "1866"]
[BlackElo "2402"]
[PlyCount "88"]
[EventDate "2017.12.02"]
[EventType "swiss"]
[EventRounds "9"]
[EventCountry "ESP"]
[SourceTitle "CBM 182 Extra"]
[Source "ChessBase"]
[SourceDate "2018.02.23"]
[SourceVersion "1"]
[SourceVersionDate "2018.02.23"]
[SourceQuality "1"]

1. e4 d6 2. d4 Nf6 3. Nc3 e5 4. dxe5 dxe5 5. Qxd8+ Kxd8 6. Bg5 Be6 7. 0-0-0+ Nbd7 8. Nf3 Kc8 9. Be3 Ng4 10. Re1 Nxe3 11. Rxe3 Bc5 12. Re2 f6 13. a3 c6 14. b4 Be7 15. Kb2 b5 16. Rd2 a5 17. bxa5 Rxa5 18. Nb1 Kc7 19. Bd3 Rha8 20. Rdd1 Bxa3+ 21. Nxa3 Rxa3 22. Kc1 Nc5 23. Ne1 Ra1+ 24. Kd2 Rxd1+ 25. Kxd1 Nxd3 26. Nxd3 Ra1+ 27. Nc1 c5 28. Re1 b4 29. Kd2 c4 30. Nd3 Rxe1 31. Nxe1 c3+ 32. Kc1 Bc4 33. g3 Kc6 34. Ng2 Kc5 35. Nh4 Kd4 36. Nf5+ Kxe4 37. Nd6+ Kd5 38. Ne8 Bb5 39. Nxg7 Ke4 40. Nh5 Kf5 41. h3 Kg6 42. g4 Bf1 43. f4 Bxh3 44. fxe5 fxe5 0-1

[Event "Madrid San Viator op-A 29th"]
[Site "Madrid"]
[Date "2017.10.01"]
[Round "3"]
[White "Mazo Fernandez, Roberto"]
[Black "Tarrio Ocana, Jose Manuel"]
[Result "1/2-1/2"]
[WhiteElo "1967"]
[BlackElo "1869"]
[PlyCount "54"]
[EventDate "2017.09.17"]
[EventType "swiss"]
[EventRounds "9"]
[EventCountry "ESP"]
[SourceTitle "EXT 2019"]
[Source "ChessBase"]
[SourceDate "2018.10.10"]
[SourceVersion "1"]
[SourceVersionDate "2018.10.10"]
[SourceQuality "1"]

1. d4 d5 2. c4 c6 3. Nf3 Nf6 4. Nbd2 e6 5. g3 Nbd7 6. Bg2 Be7 7. 0-0 0-0 8. Qc2 b6 9. e4 dxe4 10. Nxe4 Nxe4 11. Qxe4 Bb7 12. Rd1 Qc8 13. Ne5 Nxe5 14. dxe5 Rb8 15. Qg4 Kh8 16. Bg5 Bxg5 17. Qxg5 c5 18. Bxb7 Qxb7 19. Rd6 Qe4 20. Qf4 Qxf4 21. gxf4 b5 22. cxb5 Rxb5 23. b3 g6 24. Ra6 Rb4 25. Rxa7 Rxf4 26. Rc7 Rd8 27. Rxc5 Rd2 1/2-1/2

[Event "Madrid Chamartin op 6th"]
[Site "Madrid"]
[Date "2017.09.10"]
[Round "9"]
[White "Tarrio Ocana, Jose Manuel"]
[Black "Osuna Osuna, Francisco"]
[Result "1-0"]
[WhiteElo "1869"]
[BlackElo "1574"]
[PlyCount "63"]
[EventDate "2017.09.04"]
[EventType "swiss"]
[EventRounds "9"]
[EventCountry "ESP"]
[SourceTitle "CBM 180 Extra"]
[Source "ChessBase"]
[SourceDate "2017.10.06"]
[SourceVersion "1"]
[SourceVersionDate "2017.10.06"]
[SourceQuality "1"]

1. e4 d5 2. exd5 Qxd5 3. Nc3 Qa5 4. d4 Nf6 5. Nf3 Bf5 6. Bd3 c6 7. 0-0 Bxd3 8. Qxd3 e6 9. Bf4 Be7 10. Rfe1 Nbd7 11. a3 Qf5 12. Qxf5 exf5 13. Bd6 Ng8 14. Bxe7 Nxe7 15. d5 Kd8 16. Ng5 Nxd5 17. Nxd5 cxd5 18. Nxf7+ Kc7 19. Nxh8 Rxh8 20. Re7 g6 21. Rae1 Kd8 22. Rg7 Nc5 23. Ree7 a6 24. b4 Ne4 25. Rxb7 Kc8 26. Ra7 Kb8 27. Rxh7 Re8 28. Rhb7+ Kc8 29. Ra8+ Kxb7 30. Rxe8 Nd6 31. Re7+ Kb8 32. Re6 1-0

[Event "Madrid Chamartin op 6th"]
[Site "Madrid"]
[Date "2017.09.04"]
[Round "1"]
[White "Tarrio Ocana, Jose Manuel"]
[Black "Martin Rodriguez, Jose Luis"]
[Result "1-0"]
[WhiteElo "1869"]
[BlackElo "1291"]
[PlyCount "61"]
[EventDate "2017.09.04"]
[EventType "swiss"]
[EventRounds "9"]
[EventCountry "ESP"]
[SourceTitle "CBM 180 Extra"]
[Source "ChessBase"]
[SourceDate "2017.10.06"]
[SourceVersion "1"]
[SourceVersionDate "2017.10.06"]
[SourceQuality "1"]

1. e4 e6 2. d4 d5 3. Bd3 dxe4 4. Bxe4 Nf6 5. Bf3 Bd6 6. Ne2 0-0 7. 0-0 Nbd7 8. Nbc3 a6 9. Re1 Rb8 10. Ng3 b5 11. Nce4 Nxe4 12. Nxe4 Be7 13. Bf4 Nf6 14. Nxf6+ Bxf6 15. Be5 Bxe5 16. dxe5 Qxd1 17. Raxd1 Bb7 18. Bxb7 Rxb7 19. Rd7 Re8 20. Re3 Kf8 21. Rc3 Rc8 22. Rf3 Ke8 23. Rfxf7 Rcb8 24. Rxg7 Kf8 25. Rxh7 Kg8 26. Rxc7 Rd8 27. g3 Rbb8 28. Rhe7 Rd2 29. Rxe6 Rf8 30. Rf6 Re8 31. Ra7 1-0

[Event "Collado Villalba op-A 34th"]
[Site "Collado Villalba"]
[Date "2017.08.26"]
[Round "5"]
[White "Tarrio Ocana, Jose Manuel"]
[Black "Andrade Sandoval, Bianca"]
[Result "1/2-1/2"]
[WhiteElo "1869"]
[BlackElo "1880"]
[PlyCount "69"]
[EventDate "2017.08.22"]
[EventType "swiss"]
[EventRounds "9"]
[EventCountry "ESP"]
[SourceTitle "CBM 180 Extra"]
[Source "ChessBase"]
[SourceDate "2017.10.06"]
[SourceVersion "1"]
[SourceVersionDate "2017.10.06"]
[SourceQuality "1"]

1. e4 c5 2. Nc3 e6 3. f4 a6 4. Nf3 d6 5. b3 b5 6. Bb2 Bb7 7. d3 Nd7 8. g3 Qc7 9. Bg2 Ngf6 10. Qe2 Be7 11. 0-0 c4 12. b4 0-0 13. a3 Rfe8 14. Kh1 Nb6 15. Rad1 cxd3 16. cxd3 Rac8 17. Rc1 Qd7 18. Qd2 h6 19. Ne2 Nh7 20. h3 f5 21. exf5 exf5 22. Bd4 Nd5 23. Rxc8 Rxc8 24. Rc1 Bf6 25. Bxf6 Nhxf6 26. Nfd4 Re8 27. Nc2 Nh5 28. Kh2 Nhf6 29. Ned4 Ba8 30. Re1 g6 31. Rxe8+ Qxe8 32. Qe2 Qxe2 33. Nxe2 Nb6 34. Bxa8 Nxa8 35. Kg2 1/2-1/2

[Event "Collado Villalba op-A 34th"]
[Site "Collado Villalba"]
[Date "2017.08.25"]
[Round "4"]
[White "Rodrigo Yanguas, Maria"]
[Black "Tarrio Ocana, Jose Manuel"]
[Result "1-0"]
[WhiteElo "2076"]
[BlackElo "1869"]
[PlyCount "67"]
[EventDate "2017.08.22"]
[EventType "swiss"]
[EventRounds "9"]
[EventCountry "ESP"]
[SourceTitle "CBM 180 Extra"]
[Source "ChessBase"]
[SourceDate "2017.10.06"]
[SourceVersion "1"]
[SourceVersionDate "2017.10.06"]
[SourceQuality "1"]

1. e4 e6 2. d4 d5 3. e5 c5 4. c3 Nc6 5. Nf3 Qb6 6. a3 cxd4 7. cxd4 Be7 8. b4 Bd7 9. Be3 Nh6 10. Bd3 Nf5 11. Nc3 Nxe3 12. fxe3 Nxb4 13. axb4 Bxb4 14. 0-0 Bxc3 15. Rb1 Bb4 16. Ng5 Rf8 17. Nxh7 0-0-0 18. Nxf8 Rxf8 19. Qg4 a5 20. Qxg7 Qd8 21. Rbc1+ Kb8 22. Rxf7 Rxf7 23. Qxf7 Bd2 24. Rb1 Bxe3+ 25. Kh1 Bxd4 26. Qf4 Bc5 27. h4 Be7 28. h5 Bg5 29. Qf7 Be3 30. Qf6 Qxf6 31. exf6 e5 32. Re1 Bh6 33. Rxe5 Bc6 34. f7 1-0

[Event "Tres Cantos op 9th"]
[Site "Tres Cantos"]
[Date "2017.06.30"]
[Round "9"]
[White "Tarrio Ocana, Jose Manuel"]
[Black "Alonso Abad, Enrique"]
[Result "1/2-1/2"]
[WhiteElo "1844"]
[BlackElo "2009"]
[PlyCount "80"]
[EventDate "2017.06.22"]
[EventType "swiss"]
[EventRounds "9"]
[EventCountry "ESP"]
[SourceTitle "EXT 2019"]
[Source "ChessBase"]
[SourceDate "2018.10.10"]
[SourceVersion "1"]
[SourceVersionDate "2018.10.10"]
[SourceQuality "1"]

1. e4 e6 2. d4 d5 3. Bd3 dxe4 4. Bxe4 Nf6 5. Bf3 c5 6. Ne2 Nc6 7. Be3 cxd4 8. Nxd4 Ne5 9. Nc3 a6 10. 0-0 Be7 11. Qe2 Nxf3+ 12. Qxf3 Qc7 13. Rad1 0-0 14. Rfe1 Bd6 15. h3 h6 16. Bxh6 b5 17. Bxg7 Kxg7 18. Ne4 Nxe4 19. Rxe4 Rd8 20. Rg4+ Kf8 21. Qxa8 Bb7 22. Qa7 Bh2+ 23. Kh1 Bxg2+ 24. Rxg2 Qxa7 25. Nxe6+ fxe6 26. Rxd8+ Kf7 27. Rgg8 Be5 28. Rgf8+ Kg6 29. Rg8+ Bg7 30. Kg1 Kh7 31. Rge8 Qf7 32. c3 Qg6+ 33. Kf1 Qb1+ 34. Kg2 Qe4+ 35. Kf1 Qh1+ 36. Ke2 Qxh3 37. Re7 Qg4+ 38. Kf1 Qc4+ 39. Kg2 Kh6 40. Rd6 Qe4+ 1/2-1/2

[Event "Tres Cantos op 9th"]
[Site "Tres Cantos"]
[Date "2017.06.28"]
[Round "7"]
[White "Tarrio Ocana, Jose Manuel"]
[Black "Soto Martin, Pablo"]
[Result "0-1"]
[WhiteElo "1844"]
[BlackElo "2064"]
[PlyCount "72"]
[EventDate "2017.06.22"]
[EventType "swiss"]
[EventRounds "9"]
[EventCountry "ESP"]
[SourceTitle "EXT 2019"]
[Source "ChessBase"]
[SourceDate "2018.10.10"]
[SourceVersion "1"]
[SourceVersionDate "2018.10.10"]
[SourceQuality "1"]

1. e4 e5 2. Bc4 Nc6 3. Nf3 Bc5 4. d3 Nf6 5. c3 d6 6. a4 a6 7. Nbd2 0-0 8. 0-0 Ba7 9. h3 Be6 10. Re1 Re8 11. Bxe6 Rxe6 12. Nc4 d5 13. exd5 Qxd5 14. Ng5 Ree8 15. Be3 Rad8 16. Bxa7 Nxa7 17. Ne3 Qxd3 18. Qb3 Qg6 19. Qxb7 Qxg5 20. Qxa7 Nh5 21. Qc5 Nf4 22. Ng4 Nd3 23. Qe3 Qxe3 24. Rxe3 f5 25. Rd1 e4 26. Nh2 Nxb2 27. Rb1 Rd1+ 28. Rxd1 Nxd1 29. Re1 Nxc3 30. Kf1 Nxa4 31. Ra1 Nc5 32. Ra5 Re5 33. Ke2 Kf7 34. Nf1 Ke6 35. Ne3 f4 36. Nc4 Rd5 0-1

[Event "Madrid Codes Memorial 11th"]
[Site "Madrid"]
[Date "2017.05.28"]
[Round "7"]
[White "Tarrio Ocana, Jose Manuel"]
[Black "Salgado Duarte, Pablo"]
[Result "1-0"]
[WhiteElo "1855"]
[BlackElo "1596"]
[PlyCount "91"]
[EventDate "2017.04.02"]
[EventType "swiss"]
[EventRounds "9"]
[EventCountry "ESP"]
[SourceTitle "EXT 2019"]
[Source "ChessBase"]
[SourceDate "2018.10.10"]
[SourceVersion "1"]
[SourceVersionDate "2018.10.10"]
[SourceQuality "1"]

1. e4 e5 2. Bc4 Nf6 3. d3 Nc6 4. Nf3 Be7 5. c3 d6 6. Bb3 0-0 7. 0-0 Bd7 8. Nbd2 a6 9. Re1 b5 10. Nf1 Na5 11. Bc2 c5 12. a4 c4 13. d4 exd4 14. Nxd4 Nc6 15. axb5 Nxd4 16. Qxd4 axb5 17. Bf4 Qc7 18. e5 dxe5 19. Bxe5 Qc6 20. Qh4 h6 21. Bd4 Rxa1 22. Rxa1 Re8 23. Re1 Be6 24. Qf4 Bd6 25. Qd2 Nd5 26. Be4 Qd7 27. Bxd5 Bxd5 28. Rxe8+ Qxe8 29. Bxg7 Qe4 30. f3 Bc5+ 31. Bd4 Bxd4+ 32. cxd4 Qg6 33. Kf2 Qf6 34. Qe3 Be6 35. Ng3 Qg6 36. Qe4 Qg5 37. f4 Qh4 38. d5 Bd7 39. h3 Qf6 40. Qe5 Qg6 41. Nh5 Bf5 42. Nf6+ Kf8 43. d6 Be6 44. Ne4 Bd7 45. Qh8+ Qg8 46. Qxg8+ 1-0

[Event "Madrid Codes Memorial 11th"]
[Site "Madrid"]
[Date "2017.05.21"]
[Round "6"]
[White "Aziz Ortego, Omar Luis"]
[Black "Tarrio Ocana, Jose Manuel"]
[Result "1-0"]
[WhiteElo "2028"]
[BlackElo "1855"]
[PlyCount "57"]
[EventDate "2017.04.02"]
[EventType "swiss"]
[EventRounds "9"]
[EventCountry "ESP"]
[SourceTitle "EXT 2019"]
[Source "ChessBase"]
[SourceDate "2018.10.10"]
[SourceVersion "1"]
[SourceVersionDate "2018.10.10"]
[SourceQuality "1"]

1. c4 e6 2. Nc3 d5 3. d4 Nf6 4. Nf3 c6 5. a3 Nbd7 6. Bg5 Be7 7. e3 0-0 8. Bd3 dxc4 9. Bxc4 c5 10. 0-0 a6 11. a4 cxd4 12. exd4 Nb6 13. Bb3 Nbd5 14. Qd3 Nb4 15. Qe2 Re8 16. Rfd1 Bd7 17. Ne5 Nc6 18. Bc2 Nb4 19. Bb1 Bc6 20. Bxf6 Bxf6 21. Bxh7+ Kf8 22. Qh5 Bxe5 23. dxe5 Qc7 24. Bb1 Nd5 25. Ne4 g6 26. Qh6+ Ke7 27. Nd6 Rf8 28. Bxg6 Rad8 29. Qh4+ 1-0

[Event "Madrid Codes Memorial 11th"]
[Site "Madrid"]
[Date "2017.05.07"]
[Round "4"]
[White "Tarrio Ocana, Jose Manuel"]
[Black "Gomez Logrosan, Cristian"]
[Result "1-0"]
[WhiteElo "1855"]
[BlackElo "1426"]
[PlyCount "71"]
[EventDate "2017.04.02"]
[EventType "swiss"]
[EventRounds "9"]
[EventCountry "ESP"]
[SourceTitle "EXT 2019"]
[Source "ChessBase"]
[SourceDate "2018.10.10"]
[SourceVersion "1"]
[SourceVersionDate "2018.10.10"]
[SourceQuality "1"]

1. e4 c5 2. Nc3 e6 3. f4 a6 4. Nf3 Qc7 5. g3 Nc6 6. Bg2 d6 7. 0-0 Nf6 8. b3 Be7 9. Bb2 0-0 10. Qe2 Rb8 11. d3 b5 12. Nd1 Nd7 13. Ne3 Bf6 14. Bxf6 Nxf6 15. g4 d5 16. e5 Nd7 17. g5 d4 18. Ng4 Nb6 19. Nd2 Ne7 20. Ne4 Ned5 21. Nd6 Nc3 22. Qe1 Nbd5 23. Be4 Nxe4 24. dxe4 Nc3 25. Rf3 f5 26. gxf6 gxf6 27. Nxf6+ Kh8 28. Nde8 Qf7 29. Rh3 Rxe8 30. Rxh7+ Qxh7 31. Nxh7 Kxh7 32. Qh4+ Kg7 33. Qf6+ Kg8 34. Kh1 Rb7 35. Rg1+ Kh7 36. Qh4# 1-0

[Event "Madrid-ch Previa-B"]
[Site "Madrid"]
[Date "2017.02.25"]
[Round "9"]
[White "Tarrio Ocana, Jose Manuel"]
[Black "Ocana Lameiro, Oliver"]
[Result "1/2-1/2"]
[WhiteElo "1785"]
[BlackElo "1982"]
[PlyCount "76"]
[EventDate "2017.02.02"]
[EventType "swiss"]
[EventRounds "9"]
[EventCountry "ESP"]
[SourceTitle "EXT 2018"]
[Source "ChessBase"]
[SourceDate "2017.10.13"]
[SourceVersion "1"]
[SourceVersionDate "2017.10.13"]
[SourceQuality "1"]

1. e4 c6 2. d4 d5 3. exd5 cxd5 4. Bf4 Nc6 5. Nf3 Nf6 6. c3 g6 7. Bd3 Bg7 8. h3 0-0 9. 0-0 Qb6 10. Qc2 Ne4 11. Nbd2 f5 12. Qb3 Qxb3 13. Nxb3 Bd7 14. Nfd2 e5 15. dxe5 Nxe5 16. Be2 Nxd2 17. Nxd2 Rfe8 18. Rfe1 Bc6 19. Rad1 h6 20. Be3 b5 21. Bd4 Nc4 22. Bxg7 Kxg7 23. b3 Nd6 24. c4 bxc4 25. bxc4 dxc4 26. Nxc4 Ne4 27. Nd6 Nxd6 28. Rxd6 Bb5 29. Rd2 Re7 30. f3 Rae8 31. Kf2 Bxe2 32. Rdxe2 Rxe2+ 33. Rxe2 Ra8 34. Re7+ Kf6 35. Rc7 h5 36. h4 a5 37. Rc6+ Kf7 38. Rc7+ Kf6 1/2-1/2

[Event "Madrid-ch Previa-B"]
[Site "Madrid"]
[Date "2017.02.24"]
[Round "8"]
[White "Morera Rodriguez, Ignacio"]
[Black "Tarrio Ocana, Jose Manuel"]
[Result "1-0"]
[WhiteElo "1972"]
[BlackElo "1785"]
[PlyCount "91"]
[EventDate "2017.02.02"]
[EventType "swiss"]
[EventRounds "9"]
[EventCountry "ESP"]
[SourceTitle "EXT 2018"]
[Source "ChessBase"]
[SourceDate "2017.10.13"]
[SourceVersion "1"]
[SourceVersionDate "2017.10.13"]
[SourceQuality "1"]

1. d4 d5 2. c4 c6 3. Nf3 Nf6 4. Qc2 e6 5. g3 Nbd7 6. Bg2 g6 7. 0-0 Bg7 8. Nbd2 0-0 9. Rd1 b6 10. e4 dxe4 11. Nxe4 Nxe4 12. Qxe4 Bb7 13. Bf4 Qc8 14. Ne5 Nxe5 15. dxe5 Rd8 16. Bg5 Rxd1+ 17. Rxd1 Qc7 18. Rd6 h6 19. Be3 Rd8 20. c5 Bf8 21. Qh4 Bxd6 22. cxd6 Qd7 23. Bxh6 f5 24. Qf6 Kh7 25. Bf8 Re8 26. Be7 Rg8 27. Bf8 Rxf8 28. Qxf8 Bc8 29. Qf6 a5 30. Qh4+ Kg7 31. Qa4 Bb7 32. Qb3 b5 33. Qc3 a4 34. Qa5 Kf7 35. Qc7 Ke8 36. Qxd7+ Kxd7 37. f4 Ba6 38. Kf2 b4 39. a3 bxa3 40. bxa3 Bc4 41. Ke3 c5 42. Kd2 Bb3 43. Kc3 Ba2 44. Bf3 Bb1 45. Be2 Be4 46. Bb5+ 1-0

[Event "Madrid-ch Previa-B"]
[Site "Madrid"]
[Date "2017.02.03"]
[Round "2"]
[White "Tarrio Ocana, Jose Manuel"]
[Black "Anton Quevedo, Andrea"]
[Result "1-0"]
[WhiteElo "1785"]
[BlackElo "1922"]
[PlyCount "78"]
[EventDate "2017.02.02"]
[EventType "swiss"]
[EventRounds "9"]
[EventCountry "ESP"]
[SourceTitle "EXT 2018"]
[Source "ChessBase"]
[SourceDate "2017.10.13"]
[SourceVersion "1"]
[SourceVersionDate "2017.10.13"]
[SourceQuality "1"]

1. e4 Nf6 2. e5 Nd5 3. d4 d6 4. Nf3 Nc6 5. c4 Nb6 6. exd6 exd6 7. d5 Ne5 8. Nxe5 dxe5 9. Nc3 Bc5 10. Be2 0-0 11. 0-0 Bf5 12. a3 a5 13. Bd3 Bxd3 14. Qxd3 f5 15. Be3 Nd7 16. Bxc5 Nxc5 17. Qe3 Nb3 18. Rad1 Re8 19. Nb5 a4 20. d6 cxd6 21. Nxd6 Re6 22. Nxf5 Qf6 23. Ng3 Rc8 24. Ne4 Qg6 25. c5 Nd4 26. Rc1 h6 27. Kh1 Rcc6 28. Rc4 b5 29. Rcc1 Qe8 30. f4 Nb3 31. f5 Nxc1 32. fxe6 Nb3 33. Qg3 Qxe6 34. Nf6+ Kh8 35. Nh5 Qe7 36. Qf3 Rc8 37. Ng3 Nd2 38. Qg4 Rxc5 39. Nf5 Qe6 1-0

[Event "San Sebastian de los Reyes op 18th"]
[Site "San Sebastian"]
[Date "2016.12.11"]
[Round "9"]
[White "Lozano Hernanz, Rodrigo"]
[Black "Tarrio Ocana, Jose Manuel"]
[Result "0-1"]
[WhiteElo "1379"]
[BlackElo "1835"]
[PlyCount "72"]
[EventDate "2016.12.03"]
[EventType "swiss"]
[EventRounds "9"]
[EventCountry "ESP"]
[SourceTitle "CBM 176 Extra"]
[Source "ChessBase"]
[SourceDate "2017.03.02"]
[SourceVersion "1"]
[SourceVersionDate "2017.03.02"]
[SourceQuality "1"]

1. e4 e6 2. d4 d5 3. exd5 exd5 4. Bd3 Nc6 5. Nf3 Bg4 6. c3 Bd6 7. 0-0 Nge7 8. Bg5 f6 9. Bh4 Qd7 10. h3 Be6 11. b4 h5 12. b5 Na5 13. Qd2 g5 14. Bg3 g4 15. Bxd6 Qxd6 16. Nh2 gxh3 17. g3 Rg8 18. Qe2 0-0-0 19. Re1 Kd7 20. Na3 Rde8 21. c4 dxc4 22. Bxc4 Nxc4 23. Nxc4 Bxc4 24. Qxc4 Rxg3+ 25. Kf1 Rg2 26. Nf3 Reg8 27. Rac1 h2 28. Nxh2 Rxh2 29. Rxe7+ Kxe7 30. Qxg8 Rh1+ 31. Ke2 Rxc1 32. Qg7+ Kd8 33. Qh8+ Kd7 34. Qh7+ Qe7+ 35. Qxe7+ Kxe7 36. Kd2 Ra1 0-1

[Event "Madrid San Viator op-A 26th"]
[Site "Madrid"]
[Date "2016.05.29"]
[Round "8"]
[White "Tarrio Ocana, Jose Manuel"]
[Black "Matesanz Bonastre, Rafael"]
[Result "1-0"]
[WhiteElo "1829"]
[BlackElo "1732"]
[PlyCount "151"]
[EventDate "2016.04.03"]
[EventType "swiss"]
[EventRounds "9"]
[EventCountry "ESP"]
[SourceTitle "EXT 2017"]
[Source "ChessBase"]
[SourceDate "2016.10.25"]
[SourceVersion "1"]
[SourceVersionDate "2016.10.25"]
[SourceQuality "1"]

1. e4 d5 2. exd5 Nf6 3. d4 Nxd5 4. c4 Nb4 5. Bd2 e6 6. Nf3 c5 7. a3 N4c6 8. dxc5 a5 9. Be2 Bxc5 10. 0-0 0-0 11. Nc3 Nd7 12. Ne4 Be7 13. Qc2 f5 14. Nc3 Nf6 15. Rad1 Qe8 16. Bf4 Nh5 17. Bd6 Bxd6 18. Rxd6 Nf4 19. g3 Qe7 20. Rfd1 Nxe2+ 21. Qxe2 Re8 22. Ne5 Nxe5 23. Qxe5 Ra6 24. Rxa6 bxa6 25. Qxa5 Bb7 26. Qe5 Kf7 27. c5 Rd8 28. Rd6 Rxd6 29. cxd6 Qd7 30. Qc5 Qc6 31. Qxc6 Bxc6 32. f4 Ke8 33. Kf2 Kd7 34. Ke3 Kxd6 35. Kd4 h6 36. h4 Bd7 37. Nd1 g5 38. Ne3 Bb5 39. b3 gxh4 40. gxh4 Be2 41. Nc4+ Ke7 42. Ne5 h5 43. Kc5 Bd1 44. b4 Ba4 45. Nc4 Bb5 46. Nb2 Kd7 47. a4 Be2 48. Nc4 Kc7 49. b5 axb5 50. axb5 Bf3 51. b6+ Kb7 52. Ne5 Bd5 53. Nd3 Bc6 54. Nc1 Bd5 55. Ne2 Be4 56. Kd6 Kxb6 57. Kxe6 Bf3 58. Nd4 Bg4 59. Nxf5 Kc7 60. Kf6 Kd7 61. Kg5 Ke6 62. Ng7+ Kf7 63. Nxh5 Bd1 64. f5 Bc2 65. f6 Bh7 66. Ng3 Bd3 67. Nf5 Be2 68. Nh6+ Kf8 69. h5 Bc4 70. Nf5 Bg8 71. h6 Bh7 72. Nd6 Bd3 73. Nf5 Kg8 74. h7+ Kxh7 75. f7 Bxf5 76. f8Q 1-0